1182 1759 1310 1593 1107 1709 1920 1960 1994 1769 1036 1694 1957 1827 1138 1766 1618 1103 1797 1665 1485 1111 1160 1440 1105 1747 1525 1520 1292 1119 1247 1751 1409 1794 1550 1109 1834 1440 1290 1147 1088 1538 1336 1094 1404 1058 1099 1517 1663 1715 1771 1247 1045 1599 1568 1732 1641 1269 1326 1605 1579 1382 1471 1187 1210 1346 1727 1586 1281 1107 1931 1504 1108 1548 1137 1164 1816 1395 1446 1420 1485 1638 1359 1985 1409 1489 1932 1912 1767 1473 1613 1621 1185 1715 1599 1288 1901 1296 1150 BCNSPRNW ULIB Ver.6.0+V

เปลี่ยนเป็นภาษาไทย

Change to English
 แสดงรายละเอียดบรรณานุกรม
  กลับหน้าหลัก

Brief Record : Get Marc (ISO 2709) : E-mail record : QR code < ปิดหน้าต่าง
LEADER : 00000nam 2200000uu 4500
001    13399121261
003     ULIB
008    111005s2555||||th 000 0 tha d
020    9786167004501
050 04 TT873.2^bอ525บ
100 0  อัญชลี จรรยารยชน
245 10 บายศรี /^cอัญชลี จรรยารยชน
250    พิมพ์ครั้งที่ 1
260    กรุงเทพฯ :^bเพชรการเรือน,^c2555
300    168 หน้า :^bภาพประกอบสี
650  7 การประดิษฐ์ด้วยใบตอง
650  7 บายศรี
945    ^p250^l0^i033034
995    ทศพร
999 ^a ทศพร
รายการนี้ยังไม่มีแท็ก
คุณยังไม่ได้ล็อกอิน คุณสามารถมีกิจกรรมร่วมกับเว็บไซต์ได้ แต่ต้องล็อกอินก่อน ::
  ล็อกอิน

รายการสื่อสารสนเทศ

ลำดับที่ ประเภท เลขเรียก/บาร์โค้ด สถานที่ สถานะ
1. วิทยาศาสตร์การแพทย์ และสุขภาพ
หนังสือสำรอง
สถานะ=หนังสือสำรอง
TT873.2 อ525บ ฉ.1 
  Barcode: 033034
ห้องสมุดวิทยาเขตสวรรค์ประชารักษ์
►หนังสือทั่วไป
บนชั้น

รายการใกล้เคียง
    ผู้แต่ง [อัญชลี จรรยารยชน]

    หัวเรื่อง [การประดิษฐ์ด้วยใบตอง]
    หัวเรื่อง [บายศรี]

BibComment


ยังไม่เคยถูกคอมเมนท์

คอมเมนท์ทรัพยากรรายการนี้
  คอมเมนท์: บายศรี อัญชลี จร..


 Copyright 2026. Bcnsprnw @Library